[Event "Ekaterinburg UrFO-ch"]
[Site "Ekaterinburg"]
[Date "2008.03.16"]
[Round "2"]
[White "Borodavkin, Aleksandr"]
[Black "Korolkov, Evgeni"]
[Result "0-1"]
[WhiteElo "2180"]
[BlackElo "1985"]
[PlyCount "98"]
[EventDate "2008.03.15"]
[EventType "swiss"]
[EventRounds "9"]
[EventCountry "RUS"]
[SourceTitle "EXT 2009"]
[Source "ChessBase"]
[SourceDate "2008.11.26"]
[SourceVersion "1"]
[SourceVersionDate "2008.11.26"]
[SourceQuality "1"]

1. d4 e6 2. Nf3 Nf6 3. c4 c5 4. Nc3 cxd4 5. Qxd4 d6 6. Bg5 Be7 7. Rd1 a6 8. e4 Nc6 9. Qd2 Qc7 10. Be2 b6 11. 0-0 Bb7 12. b3 Rd8 13. Rc1 Ne5 14. Nxe5 dxe5 15. Qc2 Nxe4 16. Nxe4 Bxe4 17. Qxe4 Bxg5 18. Rc2 0-0 19. c5 bxc5 20. Bxa6 Rd4 21. Qb7 Qd6 22. Qb5 Rb8 23. Qe2 g6 24. Bc4 Bd2 25. a4 Ba5 26. g3 h5 27. Qe3 Kg7 28. Re2 e4 29. Qc1 e5 30. Qc2 f5 31. Bb5 Rd8 32. Rc1 Rc8 33. Rf1 h4 34. Kg2 Rh8 35. Rc1 h3+ 36. Kg1 Rd8 37. Re3 Bd2 38. Bf1 Bxc1 39. Qxc1 Rd1 40. Qc4 Qb6 41. Qc3 R8d4 42. f3 c4 43. b4 Kh7 44. a5 Qa7 45. Kf2 R4d2+ 46. Be2 f4 47. gxf4 exf4 48. b5 fxe3+ 49. Qxe3 Rf1+ 0-1

[Event "Ekaterinburg UrFO-ch"]
[Site "Ekaterinburg"]
[Date "2008.03.15"]
[Round "1"]
[White "Obodchuk, Andrei"]
[Black "Borodavkin, Aleksandr"]
[Result "1-0"]
[WhiteElo "2421"]
[BlackElo "2180"]
[PlyCount "55"]
[EventDate "2008.03.15"]
[EventType "swiss"]
[EventRounds "9"]
[EventCountry "RUS"]
[SourceTitle "EXT 2009"]
[Source "ChessBase"]
[SourceDate "2008.11.26"]
[SourceVersion "1"]
[SourceVersionDate "2008.11.26"]
[SourceQuality "1"]

1. e4 c5 2. Nf3 e6 3. d4 cxd4 4. Nxd4 a6 5. Bd3 Qc7 6. 0-0 Nf6 7. Qe2 d6 8. c4 Nbd7 9. Nc3 b6 10. f4 Bb7 11. f5 e5 12. Nc2 Be7 13. Be3 Nc5 14. Nb4 Ncxe4 15. Bxe4 Nxe4 16. Nbd5 Bxd5 17. Nxd5 Qc6 18. Qf3 Qxc4 19. Rfd1 Ng5 20. Nf6+ gxf6 21. Qxa8+ Bd8 22. Rxd6 Ke7 23. Rad1 Qg4 24. Rd7+ Kf8 25. Bxg5 fxg5 26. Qxd8+ Kg7 27. f6+ Kg6 28. Qxh8 1-0

[Event "Chigorin Memorial-B 15th"]
[Site "St Petersburg"]
[Date "2007.12.08"]
[Round "8"]
[White "Borodavkin, Aleksandr"]
[Black "Solovjova, Valentina"]
[Result "0-1"]
[WhiteElo "2182"]
[BlackElo "2221"]
[PlyCount "96"]
[EventDate "2007.11.30"]
[EventType "swiss"]
[EventRounds "9"]
[EventCountry "RUS"]
[SourceTitle "CBM 121 Extra"]
[Source "ChessBase"]
[SourceDate "2008.01.10"]
[SourceVersion "1"]
[SourceVersionDate "2008.01.10"]
[SourceQuality "1"]

1. e4 c6 2. d4 d5 3. e5 c5 4. c3 Nc6 5. f4 cxd4 6. cxd4 Qb6 7. Nc3 e6 8. Nf3 Nge7 9. Na4 Qc7 10. Bd2 Nf5 11. Rc1 Qd8 12. Bb5 Bd7 13. Nc5 Bxc5 14. Rxc5 Nfxd4 15. Bd3 Qb6 16. Qc1 Nxf3+ 17. gxf3 Qd8 18. Be3 Rc8 19. Qd2 Qe7 20. 0-0 d4 21. Rxc6 Bxc6 22. Bxd4 Rd8 23. Bxa7 Qd7 24. Rd1 Bxf3 25. Qb4 Bc6 26. Be2 Qe7 27. Bc5 Rxd1+ 28. Bxd1 Qd7 29. Bd6 f5 30. exf6 Qf7 31. Be5 gxf6 32. Bd4 Qg6+ 33. Kf2 Qg2+ 34. Ke1 Qe4+ 35. Be2 Rg8 36. Qc5 Rg2 37. Be3 Rxh2 38. Qb6 Rh1+ 39. Kd2 Qd5+ 40. Bd3 Rh2+ 41. Kc3 Rh3 42. b3 Qf3 43. Kd2 Qg2+ 44. Bf2 Rf3 45. Ke2 Rxf4 46. Bxh7 Qf3+ 47. Ke1 Qh1+ 48. Ke2 Qxh7 0-1

[Event "Chigorin Memorial-B 15th"]
[Site "St Petersburg"]
[Date "2007.12.01"]
[Round "1"]
[White "Kosov, Ivan"]
[Black "Borodavkin, Aleksandr"]
[Result "1-0"]
[WhiteElo "2370"]
[BlackElo "2182"]
[PlyCount "97"]
[EventDate "2007.11.30"]
[EventType "swiss"]
[EventRounds "9"]
[EventCountry "RUS"]
[SourceTitle "CBM 121 Extra"]
[Source "ChessBase"]
[SourceDate "2008.01.10"]
[SourceVersion "1"]
[SourceVersionDate "2008.01.10"]
[SourceQuality "1"]

1. e4 c5 2. Nf3 e6 3. c4 b6 4. Nc3 Bb7 5. Be2 d6 6. d4 cxd4 7. Nxd4 Nf6 8. f3 Be7 9. 0-0 0-0 10. Be3 a6 11. Qd2 Nbd7 12. Rac1 Qc7 13. Rfd1 Rac8 14. Bf1 Qb8 15. Kh1 Bd8 16. Nb3 Bc7 17. Bf4 Ne5 18. Bxe5 dxe5 19. c5 Qa7 20. Qe3 Bc6 21. Qe2 b5 22. a3 Nh5 23. Na1 f5 24. b4 Qb7 25. Nc2 Nf6 26. Re1 h5 27. Kg1 Ra8 28. Qe3 Nh7 29. Bd3 Rf6 30. Rb1 h4 31. h3 Raf8 32. Qf2 Rh6 33. Qe2 Nf6 34. exf5 Nh5 35. fxe6 Nf4 36. Qd2 Rd8 37. Re3 Rg6 38. Ne1 Rxe6 39. Qa2 Kh8 40. Rd1 e4 41. Nxe4 Bxe4 42. fxe4 Rg6 43. Qf2 Be5 44. Qxh4+ Kg8 45. Qxd8+ Kh7 46. Bf1 Qf7 47. Rf3 Qe6 48. Qd7 Qf6 49. Qf5 1-0